Древний. Кн. 4: Во славу мести (Запись № 11347081)

Подробности
000 -МАРКЕР
контрольное поле 01200nam2a2200277 4500
001 - ИДЕНТИФИКАТОР ЗАПИСИ
контрольное поле RU\NLR\BIBL_A\012306242
005 - ИДЕНТИФИКАТОР ВЕРСИИ
контрольное поле 20200810141042.0
010 ## - МЕЖДУНАРОДНЫЙ СТАНДАРТНЫЙ НОМЕР КНИГИ (ISBN)
Номер (ISBN) 978-5-17-121761-7
Тираж 2000
021 ## - НОМЕР ГОСУДАРСТВЕННОЙ РЕГИСТРАЦИИ
Код страны Российская Федерация
Номер КН-П-20-019127
Номер Листа государственной регистраци КН-П-20-1506
035 ## - ДРУГИЕ СИСТЕМНЫЕ НОМЕРА
Идентификатор записи (NLR Aleph) 012306242
035 ## - ДРУГИЕ СИСТЕМНЫЕ НОМЕРА
Идентификатор записи (RuMoRGB)010317556
100 ## - ДАННЫЕ ОБЩЕЙ ОБРАБОТКИ
Данные общей обработки 20200803d2020 u y0rusy50 ca
101 0# - ЯЗЫК РЕСУРСА
Язык текста, звукозаписи и т.д. русский
102 ## - СТРАНА ПУБЛИКАЦИИ ИЛИ ПРОИЗВОДСТВА
Страна публикации Российская Федерация
105 ## - ПОЛЕ КОДИРОВАННЫХ ДАННЫХ: ТЕКСТОВЫЕ МАТЕРИАЛЫ, МОНОГРАФИЧЕСКИЕ
Кодированные данные о монографическом текстовом документе c|||z|||000 y
200 1# - ЗАГЛАВИЕ И СВЕДЕНИЯ ОБ ОТВЕТСТВЕННОСТИ
Основное заглавие Во славу мести
210 ## - ПУБЛИКАЦИЯ, РАСПРОСТРАНЕНИЕ И ДР.
Дата издания, распространения и т.д. 2020
215 ## - ФИЗИЧЕСКАЯ ХАРАКТЕРИСТИКА
Специфическое обозначение материала и объем 350, [1] с.
Другие сведения о физической характеристике портр.
225 1# - СЕРИЯ
Основное заглавие серии Серия "Древний"
320 ## - ПРИМЕЧАНИЯ О НАЛИЧИИ В ДОКУМЕНТЕ БИБЛИОГРАФИИ / УКАЗАТЕЛЯ
Текст примечания Др. произведения авт. на 2-й с.
461 #0 - УРОВЕНЬ НАБОРА
Встроенное поле 001RU\NLR\BIBL_A\011118061
-- 2001#$aДревний$iПредыстория$e[фантастический роман]$fСергей Тармашев$vКн. 4
-- 700#1$aТармашев$bС. С.$f1974-$gСергей Сергеевич
Системный номер (АБИС) связанной записи 11503918
Автор Тармашев, С. С. (1974-)
Место публикации Москва
Дата публикации 2016
Первые сведения об ответственности Сергей Тармашев
Заглавие части Предыстория
Имя издателя, распространителя и т.д. АСТ
Сведения, относящиеся к заглавию [фантастический роман]
Заглавие Древний
Номер тома Кн. 4
942 ## - ДОПОЛНИТЕЛЬНЫЕ ЭЛЕМЕНТЫ ЗАПИСИ (АБИС)
Тип экземпляра АБИС Книга
980 ## - КОЛЛЕКЦИЯ
Название коллекции Национальная библиография
Экземпляры
Тип экземпляра Дата поступления Источник поступления Библиотека постоянного хранения Библиотека текущего хранения Место хранения Шифр хранения Штрих-код Статус экземпляра
Книга 03.08.2020 Обязательный экземпляр РНБ (Московский) РНБ (Московский) Русский книжный фонд: издания с 1957 года 2016-5/3165 1-3134875  
Книга 03.08.2020 Обязательный экземпляр РНБ (Московский) РНБ (Московский) Обменный фонд   1-3134874